IFM Opac

CHANGING LOCATION OF MANUFACTURING EMPLOYMENT (Record no. 15055)

MARC details
000 -LEADER
fixed length control field 00447nam a22001577a 4500
082 ## - DEWEY DECIMAL CLASSIFICATION NUMBER
Classification number 331.2CRE
100 ## - MAIN ENTRY--PERSONAL NAME
Personal name CREAMER, DANIEL
245 ## - TITLE STATEMENT
Title CHANGING LOCATION OF MANUFACTURING EMPLOYMENT
260 ## - PUBLICATION, DISTRIBUTION, ETC.
Place of publication, distribution, etc. UNITED STATE
Name of publisher, distributor, etc. COMMITTEE FOR ECONOMIC DEVELOPMENT
Date of publication, distribution, etc. 1972
300 ## - PHYSICAL DESCRIPTION
Extent 152P
Other physical details ILL,:25CM
490 ## - SERIES STATEMENT
Series statement NO. 83
500 ## - GENERAL NOTE
General note INCLUDES APPENDIX
650 ## - SUBJECT ADDED ENTRY--TOPICAL TERM
Topical term or geographic name entry element CHANGING LOCATION OF MANUFACTURING EMPLOYMENT
700 ## - ADDED ENTRY--PERSONAL NAME
Personal name CREAMER, DANIEL
942 ## - ADDED ENTRY ELEMENTS (KOHA)
Koha item type Books
Holdings
Withdrawn status Lost status Source of classification or shelving scheme Damaged status Not for loan Home library Current library Shelving location Date acquired Full call number Barcode Date last seen Price effective from Koha item type
    Dewey Decimal Classification     IFM Main Campus Library IFM Main Campus Library   01/27/2016 331.2CRE 0000009307 01/27/2016 01/27/2016 Books